Libros
En el artículo se incluyen una bibliografía seleccionada sobre el tema central de la revista de Ciencias Sociales. Las citas bibliográficas han sido obtenidas de dos fuentes, la Biblioteca Carlos Monge Alfaro y la Unidad de Investigación documental e Información, UNIDI, del Instituto de Investigacio...
Bewaard in:
| Formaat: | Texto |
|---|---|
| Onderwerpen: | |
| Tags: |
Voeg label toe
Geen labels, Wees de eerste die dit record labelt!
|
MARC
| LEADER | 00000 a a2200000 04500 | ||
|---|---|---|---|
| 001 | 14674 | ||
| 003 | |||
| 040 | |||
| 245 | |a Libros | ||
| 520 | |a En el artículo se incluyen una bibliografía seleccionada sobre el tema central de la revista de Ciencias Sociales. Las citas bibliográficas han sido obtenidas de dos fuentes, la Biblioteca Carlos Monge Alfaro y la Unidad de Investigación documental e Información, UNIDI, del Instituto de Investigaciones Sociales, ambas de la Universidad de Costa Rica. Entre las citas encontramos temas sobre: clases sociales, comunicación de masas, industria, cultura, sociedad, subdesarrollo, socialismo, televisión, prensa escrita, gobierno, derecho, democracia, ideología, entre otras. HMBQ/HMBQ | ||
| 650 | |a PUB.IIS | ||
| 650 | |a CLASES SOCIALES | ||
| 650 | |a COMUNICACION DE MASAS | ||
| 650 | |a INDUSTRIA | ||
| 650 | |a CULTURA | ||
| 650 | |a SOCIEDAD | ||
| 650 | |a PAISES EN DESARROLLO | ||
| 650 | |a SOCIALISMO | ||
| 650 | |a TELEVISION | ||
| 650 | |a PERIODISMO | ||
| 650 | |a ESTADO | ||
| 650 | |a DERECHO | ||
| 650 | |a DEMOCRACIA | ||
| 650 | |a IDEOLOGIAS | ||
| 650 | |a BIBLIOGRAFIAS | ||
| 773 | |g número 26; páginas 87-99 | ||
| 999 | |c 30444 |d 30444 | ||
